|
|
|
|
| LEADER |
01330nam a22003612a 4500 |
| 001 |
000262276 |
| 003 |
CZ BrMZK |
| 005 |
20141112140325.0 |
| 007 |
ta |
| 008 |
950407s1981 xr a f cze d |
| 015 |
|
|
|a cnb000403307
|
| 035 |
|
|
|a (OCoLC)42173992
|
| 040 |
|
|
|a BOA001
|b cze
|
| 041 |
1 |
|
|a cze
|h eng
|
| 080 |
9 |
|
|a 820-93-35=850
|
| 100 |
1 |
|
|a Grahame, Kenneth,
|d 1859-1932
|7 jn19990002827
|4 aut
|
| 245 |
1 |
0 |
|a Žabákova dobrodružství /
|c Kenneth Grahame ; z anglického originálu ... přeložila Míla Grimmichová ; ilustroval Josef Čapek
|
| 250 |
|
|
|a 3. vyd. v Albatrosu
|
| 260 |
|
|
|a Praha :
|b Albatros,
|c 1981
|
| 300 |
|
|
|a 226 s. :
|b il.
|
| 490 |
1 |
|
|a Klub mladých čtenářů
|
| 490 |
1 |
|
|a Jiskřičky
|
| 521 |
8 |
|
|a Pro čtenáře od 8 let
|
| 700 |
1 |
|
|a Grimmichová, Míla,
|d 1901-1957
|7 jk01032681
|4 trl
|
| 700 |
1 |
|
|a Čapek, Josef,
|d 1887-1945
|7 jk01021020
|4 ill
|
| 765 |
0 |
|
|t Wind in the Willows
|9 Česky
|
| 830 |
|
0 |
|a Klub mladých čtenářů (Albatros)
|0 s
|
| 830 |
|
0 |
|a Jiskřičky (Albatros)
|0 s
|
| 910 |
|
|
|a BOA001
|b 2-0393.929-81
|b PK-0046.628-81
|
| 920 |
|
|
|a 000140652
|
| 990 |
|
|
|a BK
|
| 996 |
6 |
|
|b 2619952133
|c 2-0393.929-81
|l MZK
|r Sklad / do 24 hodin
|n 6
|w 000262276
|u 000020
|a 1
|e BOA001
|j MZK50
|s P
|
| 996 |
7 |
|
|b 3119957805
|c PK-0046.628-81
|l MZK
|r Sklad / do 1 hodiny
|n 6
|w 000262276
|u 000010
|a 1
|e BOA001
|j MZK50
|s A
|